00720nam a2200253 a 4500001001300000003000900013005001700022008004100039020001000080082001500090100002100105245004200126260004100168300000900209500003500218505001200253650001700265650003900282700002100321902000800342942000700350952009400357999001500451nice12345678IN_TiNIC20260116011523.0050524s1929 lona grp 000 0 eng  ac10000a225.6bRAW aRawlinson, A E J aNew Testament Doctrine of the Christ. aLondonbLongmans, Green and Coc1929 a288p aincludes index and biblioraphy2 aIndices aJesus Christ aBible N.T. Criticism-Interpretaion1 aRawlinson, A E J bSRS cBK 00104070aHMIbHMId2007-06-19g100.00l0o225.6 RAWp1316r2007-06-19w2026-01-16yEB c2272d2272